| 000 | 00447nam a2200181Ia 4500 | ||
|---|---|---|---|
| 001 | 637 | ||
| 005 | 20260306140532.0 | ||
| 008 | 260306t2024||||xx |||||||||||||| ||spa|| | ||
| 041 | _aESP | ||
| 082 |
_a128 _bU61 |
||
| 110 | _aUniversidad Católica San Pablo. Departamento de Humanidades | ||
| 245 | 0 | _aPersona y conocimiento | |
| 260 | _c2024 | ||
| 300 |
_a199 páginas : _c23 cm. |
||
| 650 | _aGEN | ||
| 654 | _aCHU | ||
| 942 |
_cLIB _dJUS _fJUS _2ddc _n |
||
| 999 |
_c637 _d637 |
||